Trend dalam pengajaran bahasa Melayu

Bibliographic Details
Main Author: Yahya Othman
Format: Book
Published: Pahang : PTS Professional Publishing , 2005
Series:Siri pendidikan bahasa
Subjects:

MARC

LEADER 00000cam a2200000 7i4500
001 0000014070
005 20080219.0
008 080219
020 |a 9833376169 
090 0 0 |a 499.2307   |b YAH 
100 0 |a Yahya Othman 
245 1 0 |a Trend dalam pengajaran bahasa Melayu   |c Yahya Othman 
260 |a Pahang :   |b PTS Professional Publishing ,   |c 2005 
440 |a Siri pendidikan bahasa 
650 0 |a Language and education 
650 0 |a Language and languages   |x Study and teaching 
650 0 |a Malay language   |x Study and teaching 
999 |a 0000939927   |b Book   |c Adult Collection   |e Cawangan Taman Sri Lambak 
999 |a 0001012913   |b Book   |c Adult Collection   |e Perbadanan Perpustakaan Awam Johor 
999 |a 0001012914   |b Book   |c Adult Collection   |e Cawangan Mersing 
999 |a 0001012915   |b Book   |c Adult Collection   |e Perbadanan Perpustakaan Awam Johor 
999 |a 0001012916   |b Book   |c Adult Collection   |e Perbadanan Perpustakaan Awam Johor 
999 |a 0001012917   |b Book   |c Adult Collection   |e Cawangan Mersing